| 000 | 00541nam a22001577a 4500 | ||
|---|---|---|---|
| 003 | NUST | ||
| 082 | _a200 | ||
| 100 |
_aHassan Muneeb _996794 |
||
| 245 |
_aEvaluation of the Energy Pricing of Electric Vehicle Charging Stations using Convex Optimization Strategy / _cMuneeb Hassan |
||
| 264 |
_aIslamabad : _bSEECS, NUST, _c2022. |
||
| 300 | _a55 p. ; | ||
| 650 |
_aMS-Electrical Engineering _923567 |
||
| 700 |
_aSupervisor: Dr. Shahzad Younis _996795 |
||
| 856 | _uhttp://10.250.8.41:8080/xmlui/handle/123456789/29032 | ||
| 942 |
_2ddc _cSC |
||
| 999 |
_c590872 _d590872 |
||